Văn hóa Việt Nam đỉnh cao Đại Việt

में बचाया:
ग्रंथसूची विवरण
मुख्य लेखक: Nguyễn, Đăng Duy
स्वरूप: पुस्तक
भाषा:Undetermined
प्रकाशित: Hà Nội Nhà xuất bản Hà Nội 2004
विषय:
टैग : टैग जोड़ें
कोई टैग नहीं, इस रिकॉर्ड को टैग करने वाले पहले व्यक्ति बनें!
Thư viện lưu trữ: Trung tâm Học liệu Trường Đại học Cần Thơ
LEADER 00522nam a2200181Ia 4500
001 CTU_90997
008 210402s9999 xx 000 0 und d
082 |a 306 
082 |b D523 
100 |a Nguyễn, Đăng Duy 
245 0 |a Văn hóa Việt Nam đỉnh cao Đại Việt 
245 0 |c Nguyễn Đăng Duy 
260 |a Hà Nội 
260 |b Nhà xuất bản Hà Nội 
260 |c 2004 
650 |a Culture 
904 |i Nguyên 
980 |a Trung tâm Học liệu Trường Đại học Cần Thơ